000 00773nam a2200205Ii 4500
003 JO-AjNU
008 230605s9999||||xx |||||||||||||| ||und||
040 _aJO-AjNU
_bara
_erda
_cJO-AjNU
041 _aara
050 1 4 _aLC4019.H69 2003
100 3 _aحمدان،محمد زيدان,
_eauthor
_921810
245 0 0 _aالتربية المدرسية الذاتية : إستراتيجية متكاملة معاصرة للتعلم والتدريس
264 3 1 _aدار التربية الحديثة،2003
300 _a239ص
336 _atext
_btxt
_2rdacontent
337 _aunmediated
_bn
_2rdamedia
338 _avolume
_bnc
_2rdacarrier
490 0 _aسلسلة التربية الحديثة 29
650 4 _aالتعليم الذاتي-طرق التدريس
_921811
999 _aA7640
_c11208
_d11208